Động vật chí Việt Nam = Fauna of Viet Nam
Bewaard in:
| Hoofdauteur: | |
|---|---|
| Formaat: | Boek |
| Taal: | Undetermined |
| Gepubliceerd in: |
Hà Nội
Khoa học Kỹ thuật
2000
|
| Onderwerpen: | |
| Tags: |
Voeg label toe
Geen labels, Wees de eerste die dit record labelt!
|
| Thư viện lưu trữ: | Trung tâm Học liệu Trường Đại học Cần Thơ |
|---|
| LEADER | 00593nam a2200217Ia 4500 | ||
|---|---|---|---|
| 001 | CTU_63230 | ||
| 008 | 210402s9999 xx 000 0 und d | ||
| 020 | |b 35000 | ||
| 082 | |a 591.9597 | ||
| 082 | |b Đ455/T.2 | ||
| 100 | |a Nguyễn, Nhật Thi | ||
| 245 | 0 | |a Động vật chí Việt Nam = | |
| 245 | 0 | |b Fauna of Viet Nam | |
| 245 | 0 | |c Nguyễn Nhật Thi | |
| 260 | |a Hà Nội | ||
| 260 | |b Khoa học Kỹ thuật | ||
| 260 | |c 2000 | ||
| 650 | |a Zoology | ||
| 650 | |x Nomenclature | ||
| 904 | |i Minh | ||
| 980 | |a Trung tâm Học liệu Trường Đại học Cần Thơ | ||